La modernidad de lo barroco

El tema de La modernidad de lo barroco se vincula con varias claves de nuestro ser y de nuestra historia. La estrategia espontánea del mestizaje cultural en el siglo XVII americano, prefigurada en la doble mentira de la Malinche, la calculada conducta jesuítica en el desarrollo de la “primera modern...

Full description

Bibliographic Details
Main Author: Echeverría, Bolívar 1941-2010
Format: Libro
Language:Spanish
Published: México: Ediciones Era, 2013.
Edition:2a ed.
Series:Biblioteca Era
Subjects:
Online Access:

MARC

LEADER 00000cam a2200000 4500
003 UAHC
005 20191014165607.0
008 191014s2013 mx |||| |||| 00| u spa |
952 |0 0  |1 0  |2 ddc  |4 0  |6 940_200000000000000_ECH  |7 0  |8 BAS  |9 92956  |a BC  |b BC  |c General  |d 2019-10-14  |l 0  |o 940.2 ECH  |p 1471267  |r 2026-01-13 00:00:00  |t c.1  |w 2019-10-14  |y BK  |A 186  |B 21 
999 |c 52461  |d 52461 
020 |a 9789684114845 
035 |a CENTRAL 
040 |a UAHC_CL  |c UAHC_CL  |d UAHC_CL 
082 |2 21  |a 940.2  |b E18 
100 |9 9741  |a  Echeverría, Bolívar  |d 1941-2010 
245 |a La modernidad de lo barroco  |c Bolívar Echeverría. 
250 |a 2a ed. 
260 |a México:  |b Ediciones Era,  |c 2013. 
300 |a 231 p. 
440 |9 9743  |a Biblioteca Era 
520 |a El tema de La modernidad de lo barroco se vincula con varias claves de nuestro ser y de nuestra historia. La estrategia espontánea del mestizaje cultural en el siglo XVII americano, prefigurada en la doble mentira de la Malinche, la calculada conducta jesuítica en el desarrollo de la “primera modernidad” de la América Latina, el “optimismo desencantado” de Gracián y de Leibniz son algunos de los apasionantes temas que se abordan aquí. 
650 0 |9 9739  |a Arte barroco 
650 0 |9 9742  |a Civilización barroca 
650 0 |9 9740  |a América Latina  |x Civilización  |y Siglos 17-18 
942 |2 ddc  |c BK